000 01002cam a22003017a 4500
003 CHAP
005 20220329135341.0
008 971013s1968 r 00010 d
010 _a34871
011 _a35843
035 _a39960
040 _cCHAP
090 _aTesis
100 0 0 _aOlivares Torres, José Ignacio.
_983063
245 1 4 _aLos servicios domésticos en el área metropolitana de Monterrey; un análisis socio-económico
260 _aMonterrey, N. L. :
_bEl autor,
_c1968
300 _a132 h. anexos
502 _aTesis (Lic. en Economía) -- Universidad de Nuevo León. Facultad de Economía
590 _aALEPH
_b10
_c20130110
_lUCH01
_h1300
590 _aBATCH-UPD
_b10
_c20130110
_lUCH01
_h2203
590 _aBATCH-UPD
_b10
_c20130410
_lUCH01
_h1509
590 _aBATCH-UPD
_b10
_c20130914
_lUCH01
_h2004
590 _aCONVERSION
_b10
_c20130109
_lUCH01
_h1320
650 1 4 _aServicio doméstico.
_9105304
901 _aBK
942 _cTESIS
949 _bBC
_cTES
_d-91258
_eTS1
_i39960
_si
999 _c34871
_d34871